What are generals made of? (Record no. 589305)

000 -LEADER
fixed length control field 00415 a2200157 4500
003 - CONTROL NUMBER IDENTIFIER
control field NUST
038 ## - RECORD CONTENT LICENSOR
Staff Name Muhammad Ibrahim
082 ## - DEWEY DECIMAL CLASSIFICATION NUMBER
Classification number 355.33041
Author Mark NEW 1987
100 ## - MAIN ENTRY--PERSONAL NAME
Personal name Aubrey S. Newman
9 (RLIN) 91147
245 ## - TITLE STATEMENT
Title What are generals made of?
Statement of responsibility, etc. Aubrey S. Newman
260 ## - PUBLICATION, DISTRIBUTION, ETC.
Place of publication, distribution, etc. Novato
Name of publisher, distributor, etc. Presido Press
Date of publication, distribution, etc. 1987
300 ## - PHYSICAL DESCRIPTION
Extent vii, 314p.
Other physical details ill.:
Dimensions 27cm.
563 ## - BINDING INFORMATION
Binding note H.B
650 ## - SUBJECT ADDED ENTRY--TOPICAL TERM
Topical term or geographic name entry element Leadership
942 ## - ADDED ENTRY ELEMENTS (KOHA)
Koha item type Book
Call number prefix 355.33041 NEW
Source of classification or shelving scheme
Holdings
Withdrawn status Lost status Source of classification or shelving scheme Damaged status Not for loan Permanent Location Current Location Shelving location Date acquired Total Checkouts Full call number Barcode Date last seen Price effective from Koha item type
          Centre for International Peace & Stability (CIPS) Centre for International Peace & Stability (CIPS) General Stacks 04/14/2022   355.33041 NEW 1987 CIPSD0000705 04/21/2022 04/21/2022 Book
© 2023 Central Library, National University of Sciences and Technology. All Rights Reserved.